00442 a2200157 4500003000500000005001700005040000900022082001000031100002800041245012800069260001400197300000900211538002900220650001600249651001900265Nust20170207153433.0 cNust a005.1 aAsghar , Amina BESE-08 aArrhythmia detection and clasification using rhythm origin and heart rate varoationcAmina , Asghar & Saadia Ahmed BESE-08 bMCSc2006 a79 p aAlmirah No 71 Shelf No 5 aUG Projects aUG CS Projects